| 000 | 00370pab a2200145 454500 | ||
|---|---|---|---|
| 008 | 180718b1990 xxu||||| |||| 00| 0 eng d | ||
| 100 | _aGhoshal, M.K. | ||
| 245 |
_aFood processing _bThrust area for exprot and foreign collaboration |
||
| 260 | _c1990 | ||
| 300 | _a11-12 | ||
| 362 | _a1-15 Oct. | ||
| 650 | _aFood Industry And Trade | ||
| 773 | _aYojana | ||
| 909 | _a8963 | ||
| 999 |
_c8963 _d8963 |
||